| Record ID | ia:languagecontactc0000silv |
| Source | Internet Archive |
| Download MARC XML | https://archive.org/download/languagecontactc0000silv/languagecontactc0000silv_marc.xml |
| Download MARC binary | https://www.archive.org/download/languagecontactc0000silv/languagecontactc0000silv_meta.mrc |
LEADER: 01159cam a2200277 a 4500
001 93006268
003 DLC
005 20060726221604.0
008 930805s1994 enkab b 001 0 eng
010 $a 93006268
020 $a0198242875 (acid-free paper) :$c£30.00
040 $aDLC$cDLC$dDLC
043 $an-us-ca
050 00 $aPC4829.L58$bS55 1994
082 00 $a467/.9794/93$220
100 2 $aSilva-Corvalán, Carmen.
245 10 $aLanguage contact and change :$bSpanish in Los Angeles /$cCarmen Silva-Corvalán.
260 $aOxford :$bClarendon Press ;$aNew York :$bOxford University Press,$c1994.
300 $axiv, 255 p. :$bill., maps ;$c24 cm.
440 0 $aOxford studies in language contact
504 $aIncludes bibliographical references (p. [240]-249) and index.
650 0 $aSpanish language$xDialects$zCalifornia$zLos Angeles County.
650 0 $aSpanish language$xSocial aspects$zCalifornia$zLos Angeles County.
650 0 $aLanguages in contact$zCalifornia$zLos Angeles County.
650 0 $aBilingualism$zCalifornia$zLos Angeles County.
856 42 $3Publisher description$uhttp://www.loc.gov/catdir/enhancements/fy0637/93006268-d.html